000 01008nam a2200361 a 4500
003 AR-BaBNM
005 20251128205956.0
008 082120s2002 ||||||||||||||000 | spa||
020 _a84-493-206-4
040 _cAR-BaBNM
245 0 0 _aSoberanía
_bun principio que se derrumba : aspectos metodológicos y jurídico-políticos
250 _a1ª ed.
260 _aBarcelona
_bPaidós
_c1996
300 _a207 p.
490 0 _aEstado y sociedad
_vv. 32
504 _aCada trabajo cuenta con bibliografía para consultar
650 4 _aSOBERANIA
650 4 _aHISTORIA DE LAS IDEAS
650 4 _aHISTORIA POLITICA
650 4 _aCIENCIAS POLITICAS
650 4 _aDERECHOS
650 4 _aSOBERANIA
650 4 _aESTADO
650 4 _aDERECHOS DE LOS ESTADOS
650 4 _aGOBIERNO
650 4 _aPOBLACION
650 4 _aPODER POLITICO
651 4 _aAmérica Latina
700 1 _aBergalli, Roberto
_ecompilador
700 1 _aResta, Eligio
_ecompilador
942 _cBK
998 _cMariana
999 _c13560
_d13560